[Event "24. Torneo Colllado Villalba"]
[Site "Collado Villalba ESP"]
[Date "2007.08.26"]
[Round "4.52"]
[White "Peral Aparicio, Jesus"]
[Black "Gonzalo Gonzalez, Francisco"]
[Result "0-1"]
[WhiteElo "1707"]
[BlackElo "1878"]
[PlyCount "86"]
[EventDate "2007.08.23"]
[EventType "swiss"]
[EventRounds "9"]
[EventCountry "ESP"]
[Source "lmi"]
[SourceDate "2007.08.23"]

1. d4 e5 2. c4 exd4 3. Qxd4 Nc6 4. Qd1 g6 5. Nf3 Bg7 6. e4 d6 7. h3 Be6 8. Bd2
Bxb2 9. Nc3 Bxa1 10. Qxa1 Nf6 11. Bh6 Qe7 12. Bd3 Nb4 13. Qb1 Nxd3+ 14. Qxd3
O-O-O 15. Be3 a6 16. O-O Nd7 17. Nd2 Ne5 18. Qe2 g5 19. Rb1 g4 20. Nd5 Bxd5 21.
cxd5 gxh3 22. g3 Rhg8 23. Nf1 c5 24. dxc6 Nxc6 25. Qc2 h5 26. Kh2 h4 27. Bf4
hxg3+ 28. fxg3 Rde8 29. Nd2 f5 30. Rb6 Qc7 31. Qb1 fxe4 32. Be3 Ne5 33. Rb2 Qb8
34. Nxe4 Re7 35. Bb6 Rf8 36. Rc2+ Nc6 37. Rd2 Rd7 38. Qb2 d5 39. Nf6 Rg7 40.
Bf2 Qd6 41. Ne8 Rxf2+ 42. Rxf2 Qxg3+ 43. Kh1 Qg1# 0-1

[Event "24. Torneo Colllado Villalba"]
[Site "Collado Villalba ESP"]
[Date "2007.08.27"]
[Round "5.9"]
[White "Mena Corrochano, Alberto"]
[Black "Madina Yadarola, Martin"]
[Result "1-0"]
[WhiteElo "2169"]
[BlackElo "2344"]
[PlyCount "75"]
[EventDate "2007.08.23"]
[EventType "swiss"]
[EventRounds "9"]
[EventCountry "ESP"]
[Source "lmi"]
[SourceDate "2007.08.23"]

1. d4 Nf6 2. c4 e6 3. Nc3 Bb4 4. e3 O-O 5. Nge2 d5 6. a3 Be7 7. cxd5 exd5 8. g3
Re8 9. Bg2 a5 10. O-O Na6 11. f3 c5 12. Kh1 b6 13. g4 Bb7 14. Ng3 g6 15. g5 Nd7
16. f4 Nc7 17. h4 f5 18. gxf6 Bxf6 19. Qg4 Bg7 20. f5 Rf8 21. fxg6 Rxf1+ 22.
Bxf1 Nf6 23. gxh7+ Kh8 24. Qg6 Bc8 25. Bd2 Ne6 26. Nf5 Ra7 27. Nb5 Nf8 28. Qg5
N8xh7 29. Qg6 Ne4 30. Be1 Qf8 31. Nxa7 Bxf5 32. Qg1 cxd4 33. exd4 Qb8 34. Nc6
Qf4 35. Bg2 Nhf6 36. Qf1 Qg4 37. Qf3 Qg6 38. Ne7 1-0

[Event "24. Torneo Colllado Villalba"]
[Site "Collado Villalba ESP"]
[Date "2007.08.27"]
[Round "5.10"]
[White "Mazzilli, Piero"]
[Black "Ivanovitch Balsinde, Nicolas"]
[Result "1-0"]
[WhiteElo "2305"]
[BlackElo "2151"]
[PlyCount "85"]
[EventDate "2007.08.23"]
[EventType "swiss"]
[EventRounds "9"]
[EventCountry "ESP"]
[Source "lmi"]
[SourceDate "2007.08.23"]

1. e4 e5 2. Nf3 Nc6 3. Bb5 a6 4. Ba4 Nf6 5. O-O Bc5 6. c3 b5 7. Bb3 d6 8. d4
Bb6 9. a4 Bg4 10. Bg5 Rb8 11. Bd5 Ne7 12. dxe5 dxe5 13. Bxf7+ Kxf7 14. Nxe5+
Ke6 15. Qxd8 Rbxd8 16. Bxf6 Be2 17. Bxe7 Bxf1 18. Bxd8 Rxd8 19. Kxf1 Kxe5 20.
Ke2 Kxe4 21. Nd2+ Kd5 22. f3 Rd6 23. a5 Re6+ 24. Ne4 Bc5 25. Rd1+ Kc6 26. b4
Be7 27. Ke3 Rh6 28. h3 Rg6 29. Rd2 Bd6 30. f4 Re6 31. Kf3 Re7 32. g4 Re8 33.
Nxd6 cxd6 34. Re2 Rc8 35. f5 Kd7 36. Re3 Rc4 37. g5 Kd8 38. f6 gxf6 39. gxf6
Rc7 40. Kf4 Rf7 41. Kf5 Kd7 42. Rg3 d5 43. Rg7 1-0

[Event "24. Torneo Colllado Villalba"]
[Site "Collado Villalba ESP"]
[Date "2007.08.27"]
[Round "5.12"]
[White "San Juan Rodriguez, Miguel"]
[Black "Vazquez Igarza, Renier"]
[Result "0-1"]
[WhiteElo "2100"]
[BlackElo "2553"]
[PlyCount "70"]
[EventDate "2007.08.23"]
[EventType "swiss"]
[EventRounds "9"]
[EventCountry "ESP"]
[Source "lmi"]
[SourceDate "2007.08.23"]

1. e4 c5 2. Nf3 d6 3. d4 cxd4 4. Nxd4 Nf6 5. Nc3 a6 6. Rg1 e5 7. Nb3 Be6 8. g4
d5 9. exd5 Nxd5 10. Nxd5 Bxd5 11. Rg3 Be6 12. Qxd8+ Kxd8 13. Be3 Nd7 14. O-O-O
Kc7 15. f4 f6 16. Bg2 Rd8 17. fxe5 fxe5 18. Ba7 b5 19. a4 Bb4 20. axb5 axb5 21.
g5 Nb6 22. Rxd8 Rxd8 23. g6 h6 24. Be4 Rf8 25. c3 Be7 26. Nd2 Bg5 27. Bxb6+
Kxb6 28. Rd3 Bb3 29. Rf3 Rd8 30. Rf2 b4 31. Rg2 Bf4 32. Rf2 Ba4 33. cxb4 Rd4
34. h3 Bb5 35. Bh1 Be3 0-1

[Event "24. Torneo Colllado Villalba"]
[Site "Collado Villalba ESP"]
[Date "2007.08.27"]
[Round "5.13"]
[White "Elissalt Cardenas, Hector"]
[Black "Sanchez Delgado, Lidia"]
[Result "1-0"]
[WhiteElo "2329"]
[BlackElo "2053"]
[PlyCount "67"]
[EventDate "2007.08.23"]
[EventType "swiss"]
[EventRounds "9"]
[EventCountry "ESP"]
[Source "lmi"]
[SourceDate "2007.08.23"]

1. d4 Nf6 2. Nf3 g6 3. Nbd2 Bg7 4. e4 d6 5. c3 O-O 6. h3 b6 7. Bc4 c6 8. a4 d5
9. Bd3 dxe4 10. Nxe4 Bb7 11. a5 Nxe4 12. Bxe4 Qc7 13. O-O Nd7 14. a6 Bc8 15.
Qa4 b5 16. Qa5 Nb6 17. Bg5 Be6 18. Rfe1 Rae8 19. Bh4 Qc8 20. Qb4 f6 21. Qc5 Bd7
22. d5 f5 23. Bd3 Nxd5 24. Ne5 Qc7 25. f4 Nxf4 26. Bxb5 Bxe5 27. Rxe5 e6 28.
Bg3 Nh5 29. Bh2 f4 30. Be2 Ng7 31. Ra4 Qb8 32. Rb4 Qd8 33. Bxf4 Qh4 34. Bd2 1-0

[Event "24. Torneo Colllado Villalba"]
[Site "Collado Villalba ESP"]
[Date "2007.08.27"]
[Round "5.14"]
[White "Rodriguez Gonzalez, Javier"]
[Black "Sanchez Gonzalez, Sergio"]
[Result "1/2-1/2"]
[WhiteElo "2261"]
[BlackElo "2098"]
[PlyCount "69"]
[EventDate "2007.08.23"]
[EventType "swiss"]
[EventRounds "9"]
[EventCountry "ESP"]
[Source "lmi"]
[SourceDate "2007.08.23"]

1. d4 Nf6 2. Bg5 c6 3. Nd2 d5 4. e3 Bf5 5. Bxf6 gxf6 6. Ne2 Bg6 7. Ng3 Qb6 8.
Rb1 Nd7 9. h4 h6 10. Nb3 e6 11. Bd3 Bxd3 12. Qxd3 Rg8 13. Nc1 f5 14. Nh5 Be7
15. g3 c5 16. c3 c4 17. Qc2 Qc6 18. Kf1 b5 19. a3 f6 20. Kg2 Kf7 21. Rg1 a5 22.
Kh1 b4 23. axb4 axb4 24. g4 b3 25. Qe2 fxg4 26. Rxg4 Rxg4 27. Qxg4 Rg8 28. Qf4
Rg6 29. Qf3 f5 30. Nf4 Rg4 31. h5 Rh4+ 32. Kg2 Rg4+ 33. Kh1 Rh4+ 34. Kg2 Rg4+
35. Kh1 1/2-1/2

[Event "24. Torneo Colllado Villalba"]
[Site "Collado Villalba ESP"]
[Date "2007.08.27"]
[Round "5.15"]
[White "De La Fuente Gonzalez, Francisco"]
[Black "Serrano Nunez, Dario"]
[Result "1-0"]
[WhiteElo "2230"]
[BlackElo "2028"]
[PlyCount "92"]
[EventDate "2007.08.23"]
[EventType "swiss"]
[EventRounds "9"]
[EventCountry "ESP"]
[Source "lmi"]
[SourceDate "2007.08.23"]

1. c4 c5 2. g3 g6 3. Bg2 Bg7 4. Nc3 Nc6 5. Nf3 Nf6 6. O-O O-O 7. d4 cxd4 8.
Nxd4 Nxd4 9. Qxd4 d6 10. Qh4 Re8 11. Bh6 Qb6 12. Bxg7 Kxg7 13. b3 Bd7 14. e4 a5
15. Nd5 Nxd5 16. exd5 Rac8 17. Rfe1 e5 18. dxe6 Bxe6 19. Rad1 a4 20. Qd4+ Qxd4
21. Rxd4 axb3 22. axb3 b5 23. cxb5 Bxb3 24. Rxe8 Rxe8 25. Bc6 Rb8 26. Rxd6 Bc4
27. Rd4 Bxb5 28. Rb4 Bxc6 29. Rxb8 h6 30. f4 Be4 31. Kf2 Kf6 32. g4 Bc2 33.
Rb6+ Kg7 34. Ke3 Bd1 35. h3 Bc2 36. Kd4 Ba4 37. Ke5 Bc2 38. f5 gxf5 39. gxf5
Bd3 40. f6+ Kg6 41. Rb3 Bc4 42. Rg3+ Kh5 43. Rg7 Be6 44. Kd6 Kh4 45. Ke7 Bc4
46. Rxf7 Bf1 1-0

[Event "24. Torneo Colllado Villalba"]
[Site "Collado Villalba ESP"]
[Date "2007.08.27"]
[Round "5.16"]
[White "Monmeneu Chulia, Vicente J"]
[Black "Pastor Alonso De Prado, Alberto"]
[Result "0-1"]
[WhiteElo "2078"]
[BlackElo "2183"]
[PlyCount "82"]
[EventDate "2007.08.23"]
[EventType "swiss"]
[EventRounds "9"]
[EventCountry "ESP"]
[Source "lmi"]
[SourceDate "2007.08.23"]

1. d4 d5 2. c4 c5 3. cxd5 Nf6 4. Nc3 Nxd5 5. e4 Nxc3 6. bxc3 e6 7. Nf3 cxd4 8.
cxd4 Bb4+ 9. Bd2 Qa5 10. Bxb4 Qxb4+ 11. Qd2 Qxd2+ 12. Kxd2 O-O 13. Rb1 b6 14.
Bd3 Bb7 15. Rhc1 Nc6 16. Ke3 Rac8 17. a3 Na5 18. Nd2 Rfd8 19. f3 Kf8 20. Bb5
Ke7 21. h4 h6 22. g3 g5 23. h5 f6 24. Be2 f5 25. Nb3 Rxc1 26. Nxc1 Rc8 27. exf5
Rc3+ 28. Kf2 exf5 29. Nd3 Nc6 30. Rc1 Rxc1 31. Nxc1 Nxd4 32. Bd1 Kd6 33. Nd3
Bc6 34. Ke3 Nb5 35. Ba4 Nxa3 36. Bxc6 Kxc6 37. Ne5+ Kd5 38. Nf7 Nc4+ 39. Ke2 a5
40. Nxh6 a4 41. Kd1 a3 0-1

[Event "24. Torneo Colllado Villalba"]
[Site "Collado Villalba ESP"]
[Date "2007.08.27"]
[Round "5.17"]
[White "Prada Lopez, Miguel  Angel"]
[Black "De Nacimiento Montaño, Antonio"]
[Result "1/2-1/2"]
[WhiteElo "2171"]
[BlackElo "1992"]
[PlyCount "54"]
[EventDate "2007.08.23"]
[EventType "swiss"]
[EventRounds "9"]
[EventCountry "ESP"]
[Source "lmi"]
[SourceDate "2007.08.23"]

1. e4 c5 2. Nf3 d6 3. b4 e6 4. Bb2 a6 5. d4 cxd4 6. Nxd4 Nf6 7. Bd3 Be7 8. a3
O-O 9. c4 b6 10. O-O Bb7 11. Nc3 Nbd7 12. f4 b5 13. cxb5 Qb6 14. Na4 Qa7 15.
bxa6 Bxe4 16. Bxe4 Nxe4 17. Qd3 Qxa6 18. Qxe4 Qxa4 19. Rac1 d5 20. Qe2 Bf6 21.
Rc7 Nb6 22. Nxe6 Rfe8 23. Bxf6 Rxe6 24. Be5 Qxa3 25. Qc2 Nc4 26. Qf5 Rf8 27.
Qxe6 Qe3+ 1/2-1/2

[Event "24. Torneo Colllado Villalba"]
[Site "Collado Villalba ESP"]
[Date "2007.08.27"]
[Round "5.18"]
[White "Lobato Lavin, Alvaro"]
[Black "Labarta Gonzalez-Villarino, Ivan"]
[Result "1/2-1/2"]
[WhiteElo "2055"]
[BlackElo "2164"]
[PlyCount "31"]
[EventDate "2007.08.23"]
[EventType "swiss"]
[EventRounds "9"]
[EventCountry "ESP"]
[Source "lmi"]
[SourceDate "2007.08.23"]

1. e4 c5 2. Nf3 Nc6 3. d4 cxd4 4. c3 d5 5. exd5 Qxd5 6. cxd4 e5 7. Nc3 Bb4 8.
Bd2 Bxc3 9. Bxc3 e4 10. Ne5 Nxe5 11. dxe5 Ne7 12. Qxd5 Nxd5 13. Bb5+ Bd7 14.
Rd1 Bxb5 15. Rxd5 Bc6 16. Rd6 1/2-1/2

[Event "24. Torneo Colllado Villalba"]
[Site "Collado Villalba ESP"]
[Date "2007.08.27"]
[Round "5.19"]
[White "Lorite Cruz, Francisco"]
[Black "Sanchez Rodenas, Antonio"]
[Result "1-0"]
[WhiteElo "2159"]
[BlackElo "1795"]
[PlyCount "45"]
[EventDate "2007.08.23"]
[EventType "swiss"]
[EventRounds "9"]
[EventCountry "ESP"]
[Source "lmi"]
[SourceDate "2007.08.23"]

1. e4 c6 2. d4 d5 3. exd5 cxd5 4. c4 Nf6 5. Nc3 Nc6 6. Nf3 Bg4 7. cxd5 Nxd5 8.
Qb3 Nb6 9. Bb5 Bxf3 10. gxf3 e6 11. a4 Be7 12. a5 Nd5 13. Nxd5 Qxd5 14. Qxd5
exd5 15. a6 O-O-O 16. Be3 Nb4 17. Ke2 Kb8 18. Ra5 bxa6 19. Bxa6 Nxa6 20. Rxa6
Rd7 21. Rc1 Bd6 22. Rxd6 Rxd6 23. Bf4 1-0

[Event "24. Torneo Colllado Villalba"]
[Site "Collado Villalba ESP"]
[Date "2007.08.27"]
[Round "5.20"]
[White "Esquivias Gomez, Francisco Javier"]
[Black "Coleto Calderon, Jose Antonio"]
[Result "0-1"]
[WhiteElo "2060"]
[BlackElo "2159"]
[PlyCount "88"]
[EventDate "2007.08.23"]
[EventType "swiss"]
[EventRounds "9"]
[EventCountry "ESP"]
[Source "lmi"]
[SourceDate "2007.08.23"]

1. e4 c5 2. Nc3 Nc6 3. f4 d6 4. Bb5 Bd7 5. Nf3 Nd4 6. Bxd7+ Qxd7 7. O-O Nxf3+
8. Qxf3 e6 9. d3 Ne7 10. f5 O-O-O 11. fxe6 fxe6 12. Bg5 h6 13. Bxe7 Bxe7 14. e5
dxe5 15. Qg3 Bf6 16. Ne4 c4 17. Nxf6 Qd4+ 18. Qf2 gxf6 19. Qxd4 Rxd4 20. Rxf6
cxd3 21. cxd3 Kd7 22. Rf7+ Kd6 23. Rxb7 Rxd3 24. Rxa7 Rd2 25. b4 Rg8 26. g3 Rc8
27. Ra6+ Kd5 28. Ra5+ Kd4 29. Rc5 Rf8 30. Rc7 e4 31. Rd7+ Ke3 32. Rxd2 Kxd2 33.
a4 e3 34. Ra2+ Kd1 35. Ra1+ Kd2 36. Ra2+ Kd3 37. Ra3+ Ke4 38. Ra2 Rd8 39. Kf1
Rd1+ 40. Ke2 Rh1 41. Ra3 Rxh2+ 42. Kd1 Rb2 43. a5 Kf3 44. a6 Kf2 0-1

[Event "24. Torneo Colllado Villalba"]
[Site "Collado Villalba ESP"]
[Date "2007.08.27"]
[Round "5.21"]
[White "De Nacimiento Montaño, Angel"]
[Black "Cao Armillas, Jesus"]
[Result "1-0"]
[WhiteElo "1999"]
[BlackElo "2153"]
[PlyCount "101"]
[EventDate "2007.08.23"]
[EventType "swiss"]
[EventRounds "9"]
[EventCountry "ESP"]
[Source "lmi"]
[SourceDate "2007.08.23"]

1. e4 e6 2. d4 d5 3. exd5 exd5 4. c4 Bb4+ 5. Nc3 Ne7 6. Nf3 Bg4 7. Be2 dxc4 8.
Bxc4 O-O 9. O-O Nbc6 10. a3 Bxf3 11. Qxf3 Qxd4 12. axb4 Qxc4 13. b5 Ne5 14.
Qxb7 Rab8 15. Qxa7 Rb6 16. Ra6 Nc8 17. Qa8 Ne7 18. Qxf8+ Kxf8 19. Ra8+ Nc8 20.
Rxc8+ Ke7 21. Rxc7+ Qxc7 22. Nd5+ Kd7 23. Nxc7 Kxc7 24. Bf4 Rxb5 25. Re1 f6 26.
Bxe5+ fxe5 27. Re2 Kd6 28. f3 g5 29. Kf2 Rb4 30. Ke1 g4 31. Re4 Rxb2 32. Rxg4
Ke6 33. Kf1 Kf5 34. Rh4 Kg6 35. Re4 Kf5 36. Re2 Rb4 37. Kf2 Ra4 38. Rb2 Rh4 39.
g4+ Kg5 40. Kg3 Rh6 41. Rb5 Re6 42. f4+ Kf6 43. Rxe5 Rxe5 44. fxe5+ Kxe5 45.
Kh4 Kf6 46. Kh5 Kg7 47. Kg5 h6+ 48. Kf5 Kf7 49. h3 Kg7 50. h4 Kf7 51. h5 1-0

[Event "24. Torneo Colllado Villalba"]
[Site "Collado Villalba ESP"]
[Date "2007.08.27"]
[Round "5.22"]
[White "Lopez Ayala, Pedro"]
[Black "Erice Alonso, Santiago"]
[Result "1/2-1/2"]
[WhiteElo "2018"]
[BlackElo "2131"]
[PlyCount "51"]
[EventDate "2007.08.23"]
[EventType "swiss"]
[EventRounds "9"]
[EventCountry "ESP"]
[Source "lmi"]
[SourceDate "2007.08.23"]

1. d4 d5 2. c4 c6 3. Nf3 Nf6 4. Nc3 dxc4 5. a4 Bf5 6. e3 e6 7. Bxc4 Bb4 8. O-O
Nbd7 9. Bd3 Bxd3 10. Qxd3 O-O 11. Na2 Bd6 12. e4 Nc5 13. Qc2 Ncxe4 14. Re1 Qa5
15. Rxe4 Nxe4 16. Qxe4 Qxa4 17. Bd2 Rfd8 18. Ng5 g6 19. Qh4 h5 20. Ne4 Bf8 21.
Nf6+ Kh8 22. Bc3 e5 23. g4 Rxd4 24. Bxd4 Qxd4 25. Nc3 Be7 26. Ra4 1/2-1/2

[Event "24. Torneo Colllado Villalba"]
[Site "Collado Villalba ESP"]
[Date "2007.08.27"]
[Round "5.23"]
[White "Gordillo Lopez, Manuel"]
[Black "Martin Martin, Luis Vicente"]
[Result "1-0"]
[WhiteElo "1991"]
[BlackElo "2110"]
[PlyCount "59"]
[EventDate "2007.08.23"]
[EventType "swiss"]
[EventRounds "9"]
[EventCountry "ESP"]
[Source "lmi"]
[SourceDate "2007.08.23"]

1. d4 Nf6 2. Bg5 Ne4 3. Bf4 c5 4. f3 Qa5+ 5. c3 Nf6 6. d5 g6 7. e4 Bg7 8. Na3
d6 9. Nc4 Qd8 10. a4 O-O 11. g4 b6 12. Ne2 Ba6 13. Ng3 Nfd7 14. Qd2 Bxc4 15.
Bxc4 Ne5 16. Be2 e6 17. Bh6 Qf6 18. Bxg7 Kxg7 19. f4 Ned7 20. O-O e5 21. g5 Qd8
22. f5 gxf5 23. Rxf5 f6 24. gxf6+ Nxf6 25. Qg5+ Kh8 26. Raf1 Nbd7 27. Qh6 Qe7
28. Bb5 Rg8 29. Bxd7 Rg6 30. Qh4 1-0

[Event "24. Torneo Colllado Villalba"]
[Site "Collado Villalba ESP"]
[Date "2007.08.27"]
[Round "5.24"]
[White "Semprun Martinez, Fernando"]
[Black "Pardo Robles, Jose Manuel"]
[Result "1/2-1/2"]
[WhiteElo "2155"]
[BlackElo "2005"]
[PlyCount "42"]
[EventDate "2007.08.23"]
[EventType "swiss"]
[EventRounds "9"]
[EventCountry "ESP"]
[Source "lmi"]
[SourceDate "2007.08.23"]

1. e4 c5 2. Nf3 d6 3. d4 cxd4 4. Nxd4 Nf6 5. Nc3 g6 6. Be2 Bg7 7. O-O O-O 8.
Re1 Nc6 9. Nb3 Be6 10. Bf1 Rc8 11. Nd5 Bxd5 12. exd5 Nb4 13. c4 b5 14. a3 bxc4
15. axb4 cxb3 16. Rxa7 Qb6 17. Rexe7 Qxb4 18. Be3 Ng4 19. Qf3 Ne5 20. Qd1 Ng4
21. Qf3 Ne5 1/2-1/2

[Event "24. Torneo Colllado Villalba"]
[Site "Collado Villalba ESP"]
[Date "2007.08.27"]
[Round "5.25"]
[White "Rodriguez Robles, Ignacio"]
[Black "Cruz Condori, Alfredo"]
[Result "1-0"]
[WhiteElo "1982"]
[BlackElo "2149"]
[PlyCount "71"]
[EventDate "2007.08.23"]
[EventType "swiss"]
[EventRounds "9"]
[EventCountry "ESP"]
[Source "lmi"]
[SourceDate "2007.08.23"]

1. e4 c5 2. g3 Nc6 3. Bg2 e6 4. Nc3 Nf6 5. Nge2 a6 6. d3 Be7 7. O-O d5 8. exd5
exd5 9. Nf4 d4 10. Ncd5 O-O 11. Nxe7+ Qxe7 12. Re1 Qd8 13. Nh5 Ng4 14. h3 Nge5
15. Re2 Re8 16. g4 Bd7 17. Ng3 h6 18. Ne4 Qe7 19. a3 Rad8 20. Qe1 f5 21. gxf5
Bxf5 22. Ng3 Bxh3 23. f4 Bxg2 24. Kxg2 Nxd3 25. cxd3 Qd7 26. Bd2 Qd5+ 27. Ne4
Re6 28. Qg3 Ne7 29. Qh3 Nf5 30. Kh2 Rb6 31. Ba5 Rdd6 32. Bxb6 Rxb6 33. Rg1 Kf8
34. Qh5 Re6 35. Rg6 Re7 36. Rd6 1-0

[Event "24. Torneo Colllado Villalba"]
[Site "Collado Villalba ESP"]
[Date "2007.08.27"]
[Round "5.26"]
[White "Gago Padreny, Ignacio"]
[Black "Avendaño Mateos, Jose"]
[Result "1-0"]
[WhiteElo "2124"]
[BlackElo "1998"]
[PlyCount "93"]
[EventDate "2007.08.23"]
[EventType "swiss"]
[EventRounds "9"]
[EventCountry "ESP"]
[Source "lmi"]
[SourceDate "2007.08.23"]

1. d4 d5 2. c4 c6 3. Nc3 Nf6 4. Nf3 dxc4 5. a4 Bf5 6. Nh4 Bg6 7. Nxg6 hxg6 8.
e4 e6 9. Bxc4 Qc7 10. h3 Bb4 11. e5 Nd5 12. Qd3 Nd7 13. O-O N7b6 14. Bb3 a5 15.
Bd2 Rd8 16. Rac1 Bxc3 17. bxc3 O-O 18. Bc2 c5 19. h4 c4 20. Qe4 Ne7 21. h5 Qc6
22. hxg6 fxg6 23. Qg4 Rf5 24. Bg5 Rd7 25. Bxe7 Rxe7 26. Qxg6 Ref7 27. Bxf5 Rxf5
28. Rfe1 Nd5 29. g3 Ne7 30. Qg4 Qxa4 31. Rb1 Qc6 32. Qe2 Nd5 33. Qb2 b6 34. Qc2
Rf3 35. Re4 Qe8 36. Rh4 Rf5 37. Kg2 Qg6 38. Rbh1 Kf7 39. Qa4 Nf4+ 40. Kf1 Nd5
41. Rh8 Rxf2+ 42. Kxf2 Qf5+ 43. Kg1 Qb1+ 44. Kh2 Qb2+ 45. Kh3 Nf4+ 46. gxf4
Qxc3+ 47. Kg4 1-0

[Event "24. Torneo Colllado Villalba"]
[Site "Collado Villalba ESP"]
[Date "2007.08.27"]
[Round "5.27"]
[White "Torres Samper, Rafael"]
[Black "Perez Cameselle, Francisco"]
[Result "1/2-1/2"]
[WhiteElo "2099"]
[BlackElo "1996"]
[PlyCount "59"]
[EventDate "2007.08.23"]
[EventType "swiss"]
[EventRounds "9"]
[EventCountry "ESP"]
[Source "lmi"]
[SourceDate "2007.08.23"]

1. e4 c5 2. Nf3 Nc6 3. d4 cxd4 4. Nxd4 g6 5. Nc3 Bg7 6. Be3 Nf6 7. Bc4 d6 8. f3
Qb6 9. Nf5 Qxb2 10. Nxg7+ Kf8 11. Bd2 Kxg7 12. O-O Qb4 13. Qe2 Nd4 14. Qd3 Nxc2
15. Rac1 Qb6+ 16. Kh1 Nb4 17. Qe2 Nc6 18. Be3 Qd8 19. Qb2 Ne5 20. Be2 Be6 21.
Nb5 Nc6 22. Rfd1 Qa5 23. Nd4 Nxd4 24. Bxd4 Qxa2 25. Qxb7 Rhe8 26. Qa6 Qxa6 27.
Bxa6 Rab8 28. Rb1 Kf8 29. Bb7 Bc8 30. Bc6 1/2-1/2

[Event "24. Torneo Colllado Villalba"]
[Site "Collado Villalba ESP"]
[Date "2007.08.27"]
[Round "5.28"]
[White "Ortega Morales, Pedro"]
[Black "Colet Fernandez, Josep"]
[Result "1/2-1/2"]
[WhiteElo "1976"]
[BlackElo "2096"]
[PlyCount "56"]
[EventDate "2007.08.23"]
[EventType "swiss"]
[EventRounds "9"]
[EventCountry "ESP"]
[Source "lmi"]
[SourceDate "2007.08.23"]

1. d4 d5 2. Bf4 c5 3. e3 Nc6 4. c3 Qb6 5. Qb3 c4 6. Qxb6 axb6 7. Nf3 Bf5 8. Na3
e6 9. Nb5 Ra5 10. Nd6+ Kd7 11. Nxf7 Nb4 12. N3e5+ Ke8 13. cxb4 Bxb4+ 14. Ke2 c3
15. bxc3 Bxc3 16. Rc1 Nf6 17. Nd6+ Ke7 18. Nxf5+ exf5 19. Rxc3 Rxa2+ 20. Kd3
Ne4 21. Rc2 Nxf2+ 22. Rxf2 Rxf2 23. g4 Ra8 24. Be2 Ra3+ 25. Kd2 Ra2+ 26. Kc3
Rfxe2 27. gxf5 Rec2+ 28. Kd3 Rd2+ 1/2-1/2

[Event "24. Torneo Colllado Villalba"]
[Site "Collado Villalba ESP"]
[Date "2007.08.27"]
[Round "5.30"]
[White "Hernandez Yañez, Javier"]
[Black "Alvarez Abejon, Amilcar"]
[Result "0-1"]
[WhiteElo "1959"]
[BlackElo "2064"]
[PlyCount "58"]
[EventDate "2007.08.23"]
[EventType "swiss"]
[EventRounds "9"]
[EventCountry "ESP"]
[Source "lmi"]
[SourceDate "2007.08.23"]

1. d4 d5 2. c4 Nc6 3. Bf4 dxc4 4. e3 e5 5. dxe5 Qxd1+ 6. Kxd1 Bg4+ 7. Nf3
O-O-O+ 8. Kc1 Na5 9. Na3 Bxa3 10. bxa3 Ne7 11. Be2 Nd5 12. Nd4 Bxe2 13. Nxe2
Nxf4 14. exf4 Rd3 15. Rd1 Rhd8 16. Kc2 Nc6 17. Rac1 b5 18. Nc3 Nd4+ 19. Kb2 Ne2
20. Rxd3 cxd3 21. Rd1 a6 22. g3 Rd4 23. Nb1 c5 24. Nd2 c4 25. Nb1 a5 26. Nc3 b4
27. axb4 axb4 28. Nxe2 dxe2 29. Rxd4 e1=Q 0-1

[Event "24. Torneo Colllado Villalba"]
[Site "Collado Villalba ESP"]
[Date "2007.08.27"]
[Round "5.31"]
[White "Nieto De La Cruz, Julio"]
[Black "Tejedo Meneses, Alvaro"]
[Result "0-1"]
[WhiteElo "1625"]
[BlackElo "2056"]
[PlyCount "32"]
[EventDate "2007.08.23"]
[EventType "swiss"]
[EventRounds "9"]
[EventCountry "ESP"]
[Source "lmi"]
[SourceDate "2007.08.23"]

1. d4 Nf6 2. c4 g6 3. Nc3 d5 4. Nf3 Bg7 5. Bg5 dxc4 6. e3 Be6 7. Ne5 Nd5 8.
Nxc4 c5 9. Be2 Nc6 10. O-O cxd4 11. exd4 Nxd4 12. Nxd5 Qxd5 13. Ne3 Nxe2+ 14.
Qxe2 Qxg5 15. f4 Qc5 16. Rac1 Qb6 0-1

[Event "24. Torneo Colllado Villalba"]
[Site "Collado Villalba ESP"]
[Date "2007.08.27"]
[Round "5.32"]
[White "Picon Rodriguez, Jose"]
[Black "Sanchez-Alarcos Galian, Victor"]
[Result "1/2-1/2"]
[WhiteElo "2042"]
[BlackElo "1958"]
[PlyCount "81"]
[EventDate "2007.08.23"]
[EventType "swiss"]
[EventRounds "9"]
[EventCountry "ESP"]
[Source "lmi"]
[SourceDate "2007.08.23"]

1. e4 e5 2. Nf3 Nf6 3. d4 Nxe4 4. Bd3 d5 5. Nxe5 Nd7 6. Nxd7 Bxd7 7. O-O Bd6 8.
Nc3 Nxc3 9. bxc3 O-O 10. Qh5 f5 11. Re1 c6 12. Bg5 Qc7 13. c4 Be8 14. Qh4 dxc4
15. Bxc4+ Bf7 16. Bd3 Bg6 17. Re6 Rae8 18. Rxg6 hxg6 19. Bc4+ Rf7 20. Bd2 Re4
21. Bxf7+ Kxf7 22. Qh8 Re2 23. Bg5 Be7 24. Bxe7 Qxe7 25. g3 Rxc2 26. Qa8 b6 27.
a4 Qd7 28. a5 b5 29. Rd1 Rc4 30. d5 Rc5 31. d6 f4 32. Qxa7 Qxa7 33. d7 Qxd7 34.
Rxd7+ Kf6 35. gxf4 b4 36. Rb7 Rxa5 37. Rxb4 Ra7 38. Kg2 c5 39. Rb6+ Kf5 40. Rc6
Ra5 41. Kg3 1/2-1/2

[Event "24. Torneo Colllado Villalba"]
[Site "Collado Villalba ESP"]
[Date "2007.08.27"]
[Round "5.34"]
[White "Menor Villamor, Jose Carlos"]
[Black "Cano Mercado, Francisco Manuel"]
[Result "1/2-1/2"]
[WhiteElo "2032"]
[BlackElo "1897"]
[PlyCount "77"]
[EventDate "2007.08.23"]
[EventType "swiss"]
[EventRounds "9"]
[EventCountry "ESP"]
[Source "lmi"]
[SourceDate "2007.08.23"]

1. e4 c6 2. d4 d5 3. Nd2 dxe4 4. Nxe4 Bf5 5. Ng3 Bg6 6. Nf3 e6 7. h4 h6 8. Bd3
Bxd3 9. Qxd3 Bd6 10. Ne4 Be7 11. Bf4 Nf6 12. Ne5 Nxe4 13. Qxe4 Qd5 14. Qd3 Nd7
15. Nxd7 Qxd7 16. g4 Bf6 17. O-O-O Qd5 18. c4 Qa5 19. Kb1 O-O-O 20. Qe4 Rhe8
21. Be5 Bxe5 22. dxe5 Rd2 23. Rxd2 Qxd2 24. Qe3 Rd8 25. b3 Rd4 26. Qxd2 Rxd2
27. Rf1 Kd7 28. f4 Ke7 29. a4 Rh2 30. h5 Rg2 31. f5 exf5 32. gxf5 Rh2 33. a5 a6
34. Rf4 c5 35. b4 Rxh5 36. b5 Rh2 37. bxa6 bxa6 38. f6+ gxf6 39. Rxf6 1/2-1/2

[Event "24. Torneo Colllado Villalba"]
[Site "Collado Villalba ESP"]
[Date "2007.08.27"]
[Round "5.35"]
[White "Clopes Llahi, Judit"]
[Black "Callejo Hernanz, Jesus Maria"]
[Result "1-0"]
[WhiteElo "2020"]
[BlackElo "1820"]
[PlyCount "79"]
[EventDate "2007.08.23"]
[EventType "swiss"]
[EventRounds "9"]
[EventCountry "ESP"]
[Source "lmi"]
[SourceDate "2007.08.23"]

1. e4 c5 2. Nf3 d6 3. Bb5+ Bd7 4. Bxd7+ Qxd7 5. O-O Nc6 6. c3 Nf6 7. Qe2 e6 8.
d4 Be7 9. Bf4 O-O 10. Rd1 Nh5 11. Be3 Qc7 12. d5 Nd8 13. dxe6 Nxe6 14. c4 Nf6
15. Nc3 Rad8 16. Nd2 Qc8 17. Nf1 a6 18. f3 Qb8 19. a4 Qa7 20. Qf2 Nc7 21. Ng3
Rfe8 22. Rd2 Ne6 23. Kh1 Bf8 24. Rad1 Qb8 25. Nge2 Rd7 26. Nf4 Red8 27. Nfd5
Nxd5 28. Rxd5 Nc7 29. R5d3 Ne6 30. Qg3 Nc7 31. Bg5 Re8 32. Bf4 Ne6 33. Bxd6 Qc8
34. e5 Nd4 35. Ne4 Re6 36. Nxc5 Nf5 37. Qf2 Rdxd6 38. exd6 Rxd6 39. Rxd6 Bxd6
40. b4 1-0